000085647 001__ 85647
000085647 005__ 20191119144708.0
000085647 037__ $$aTAZ-TFG-2019-1653
000085647 041__ $$aspa
000085647 1001_ $$aMarín Marzo, Álvaro
000085647 24200 $$aMarketing plan of Fly Sharing Mobility
000085647 24500 $$aPlan de Marketing de Fly Sharing Mobility
000085647 260__ $$aZaragoza$$bUniversidad de Zaragoza$$c2019
000085647 506__ $$aby-nc-sa$$bCreative Commons$$c3.0$$uhttp://creativecommons.org/licenses/by-nc-sa/3.0/
000085647 520__ $$aDebido las nuevas necesidades de movilidad urbana y la constante preocupación por la sostenibilidad, he diseño un plan de marketing de una empresa de alquiler de patinetes eléctricos que va a realizar el servicio por la ciudad de Zaragoza. Teniendo en cuenta las necesidades de los consumidores y del sector, el diseño de estrategias enfocadas en las personas y en la sensibilización del usuario hará que la empresa consiga un gran reconocimiento en muy poco tiempo.<br />
000085647 521__ $$aGraduado en Marketing e Investigación de Mercados
000085647 540__ $$aDerechos regulados por licencia Creative Commons
000085647 700__ $$aPedraja Iglesias, Marta$$edir.
000085647 7102_ $$aUniversidad de Zaragoza$$bDirección de Márketing e Investigación de Mercados$$cComercialización e Investigación de Mercados
000085647 8560_ $$f716282@celes.unizar.es
000085647 8564_ $$s1833151$$uhttps://zaguan.unizar.es/record/85647/files/TAZ-TFG-2019-1653.pdf$$yMemoria (spa)
000085647 909CO $$ooai:zaguan.unizar.es:85647$$pdriver$$ptrabajos-fin-grado
000085647 950__ $$a
000085647 951__ $$adeposita:2019-11-19
000085647 980__ $$aTAZ$$bTFG$$cECON
000085647 999__ $$a20190621112649.CREATION_DATE